[Event "Groningen op"]
[Site "Groningen"]
[Date "1993.??.??"]
[Round "11"]
[White "Hutters, Tomas"]
[Black "Schwartzman, Gabriel"]
[Result "1-0"]
[WhiteElo "2430"]
[BlackElo "2480"]

1.Nf3 d5 2.c4 c6 3.e3 Nf6 4.Nc3 g6 5.d4 Bg7 6.Be2 O-O 7.O-O dxc4 8.Bxc4 Bg4
9.h3 Bxf3 10.Qxf3 Nbd7 11.Rd1 e5 12.d5 e4 13.Nxe4 Nxe4 14.Qxe4 Nf6 15.Qf3 cxd5
16.Bxd5 Nxd5 17.e4 Rc8 18.exd5 Rc2 19.Qb3 Qc8 20.Rb1 Rd8 21.Be3 b6 22.Rbc1 Rxc1
23.Rxc1 Qf5 24.Rd1 Qe5 25.Qa4 Rxd5 26.Rxd5 Qxd5 27.Qxa7 Qd1+ 28.Kh2 Qd6+
29.g3 Bd4 30.Qa8+ Kg7 31.Qa3 Bc5 32.Qc3+ f6 33.Bxc5 bxc5 34.a4 g5 35.Qc4 h5
36.Kg2 Qc6+ 37.Kg1 Qb6 38.Qb5 Qd6 39.Qc4 f5 40.a5 f4 41.gxf4 gxf4 42.Qe4 Kh6
43.Kg2 Kg5 44.Qb7 Qe6 45.a6 f3+ 46.Qxf3 Qxa6 47.Qd5+ Kh6 48.Qe5 Qb6 49.Kg3 Kg6
50.h4 Qd8 51.Qxc5 Qb8+ 52.f4 Qxb2 53.Qg5+ Kf7 54.Qxh5+ Kf8 55.Qg6 Qe2 56.Qf5+  1-0

[Event "GER-ch int U20"]
[Site "Hamburg"]
[Date "1993.??.??"]
[Round "?"]
[White "Wierzbicki, Jan Daniel"]
[Black "Engedal, Kim Nikolai"]
[Result "1/2-1/2"]
[WhiteElo "2055"]
[BlackElo "2240"]

1.Nf3 d5 2.c4 e6 3.g3 c6 4.b3 f5 5.Bb2 Nf6 6.Bg2 Bd6 7.O-O Qe7 8.d4 b6 9.e3 Bb7
10.cxd5 cxd5 11.Nbd2 Nc6 12.Ne5 Bxe5 13.dxe5 Nd7 14.f4 Nc5 15.Ba3 a5 16.Nf3 b5
17.Bxc5 Qxc5 18.Qd2 O-O 19.Rfc1 Qb6 20.Nd4 Nxd4 21.exd4 Rac8 22.Kf2 b4 23.Ke3 Ba6
24.Bf3 Qb5 25.Be2 Qxe2+ 26.Qxe2 Bxe2 27.Kxe2 Kf7 28.Kd2 Ke7 29.Rxc8 Rxc8
30.Rc1 Rxc1 31.Kxc1 Kf7 32.Kd2 Kg6 33.Ke3 h6 34.Kf3 Kh5 35.h3 g5  1/2-1/2

[Event "Wichern op"]
[Site "Hamburg"]
[Date "1993.??.??"]
[Round "7"]
[White "Wojtkiewicz, Aleksander"]
[Black "Juergens, Vera"]
[Result "1/2-1/2"]
[WhiteElo "2570"]
[BlackElo "2350"]

1.Nf3 d5 2.c4 c6 3.d4 Nf6 4.Nc3 a6 5.cxd5 cxd5 6.Bf4 Nc6 7.Ne5 Qb6 8.Nxc6 bxc6
9.Qd2 Bf5 10.f3 e6 11.Rc1 Nd7 12.e4 Bg6 13.exd5 cxd5 14.Na4 Qb4 15.Qxb4 Bxb4+
16.Bd2 Bxd2+ 17.Kxd2 Ke7 18.b4 Rhb8 19.a3 Kd6 20.Be2 f6 21.Nc5 Nxc5 22.Rxc5 Be8
23.Rhc1 Ra7 24.Ra5 Bb5 25.Bxb5 Rxb5 26.Rc5 Rxc5 27.dxc5+ Kc6 28.f4 e5 29.Ke3 Ra8
30.a4 Ra7 31.Kf3 Ra8 32.h4 Ra7 33.g4 Ra8 34.g5 h6 35.g6 h5 36.Ke3 Ra7 37.fxe5 fxe5
38.b5+ Kxc5 39.b6+ Kxb6 40.Rxd5 Re7 41.Ke4 Re6 42.Rxe5 Rxg6 43.a5+ Kc6 44.Rxh5 Kd6
45.Rg5 Re6+ 46.Kd4 g6 47.Rd5+ Kc6 48.Re5 Rf6 49.Ke4 Kd6 50.Rd5+ Ke6 51.Re5+ Kd6
52.Rg5 Ke6 53.Rg3 Ke7 54.Rf3 Rxf3 55.Kxf3 Ke6 56.Ke4 Kf6 57.Kd5 Kf5 58.Kc6 Kg4
59.Kb7 Kxh4 60.Kxa6  1/2-1/2

[Event "Hastings op9394"]
[Site "Hastings"]
[Date "1993.??.??"]
[Round "?"]
[White "Mestel, A Jonathan"]
[Black "Formanek, Edward W"]
[Result "1-0"]
[WhiteElo "2515"]
[BlackElo "2335"]

1.Nf3 d5 2.c4 d4 3.g3 g6 4.Bg2 Bg7 5.d3 e5 6.O-O Ne7 7.b4 O-O 8.a4 a5 9.b5 c5
10.bxc6 bxc6 11.Ba3 Na6 12.Nbd2 Rb8 13.Nb3 Nb4 14.Qd2 Qc7 15.Rab1 c5 16.Ng5 Bh6
17.Ne6 Bxe6 18.Qxh6 Bd7 19.Be4 Bxa4 20.f4 f5 21.Bg2 Bxb3 22.Rxb3 Nc2 23.Rxb8 Rxb8
24.Bc1 e4 25.dxe4 a4 26.g4 a3 27.exf5 Kh8 28.Qg5 Qd6 29.fxg6 a2 30.f5 a1=Q
31.g7+ Kg8 32.f6 Qe6 33.fxe7  1-0

[Event "Heraklio m"]
[Site "Heraklio"]
[Date "1993.??.??"]
[Round "1"]
[White "Mastrokoukos, Georgios"]
[Black "Kotronias, Vasilios"]
[Result "0-1"]
[WhiteElo "2320"]
[BlackElo "2530"]

1.Nf3 d5 2.c4 d4 3.b4 c5 4.g3 g6 5.bxc5 Bg7 6.d3 e5 7.Bg2 Ne7 8.O-O O-O 9.Nbd2 f5
10.Nb3 a5 11.a4 Nec6 12.Ne1 Nb4 13.Nc2 Nxc2 14.Qxc2 Nc6 15.Rb1 Be6 16.Nd2 Qd7
17.Qb3 Ra7 18.Qb6 Rf7 19.Nb3 e4 20.Bd2 Ra6 21.Qb5 Qd8 22.Bf4 Na7 23.Qxa6 bxa6
24.Nd2 Nc6 25.Rb6 Bd7 26.dxe4 Bf8 27.exf5 g5 28.Bxc6 Bxc6 29.Rxc6 gxf4 30.Ne4 Rxf5
31.Rb1 fxg3 32.hxg3 Qe8 33.Nf6+ Rxf6 34.Rxf6 Bxc5 35.Rb7 Qxe2 36.Rf5 Be7
37.Rd5 Qxc4 38.Rdd7 Bf8 39.Rbc7 Qxa4 40.Rd8 Qb4 41.Rcc8 a4 42.Rb8 Qe1+ 43.Kg2 Qe4+
44.Kf1 Qf3 45.Rxd4 a3  0-1

[Event "Heraklio op"]
[Site "Heraklio"]
[Date "1993.??.??"]
[Round "5"]
[White "Nikolaidis, Ioannis"]
[Black "Khenkin, Igor"]
[Result "1/2-1/2"]
[WhiteElo "2440"]
[BlackElo "2570"]

1.Nf3 d5 2.c4 c6 3.d4 Nf6 4.e3 Bf5 5.Bd3 Bxd3 6.Qxd3 e6 7.Nc3 Nbd7 8.O-O Bb4
9.b3 O-O 10.Bb2 a5 11.Rfd1 Re8 12.Qc2 Qe7 13.c5 Bxc3 14.Bxc3 Ne4 15.a3 e5
16.b4 Nxc3 17.Qxc3 e4 18.Ne1 Qh4 19.bxa5 f5 20.Rab1 Ra7 21.a6 bxa6 22.f4 exf3
23.Nxf3 Qh6 24.Rb3 Nf6 25.Ne5 Ng4 26.Nxg4 fxg4 27.e4 dxe4 28.Qe3 Qh5 29.Rdb1 Qd5
30.Rb8 Ra8 31.R8b7 h5 32.Rc7 Rac8 33.Ra7 Ra8 34.Rc7 Rac8 35.Ra7 Rb8 36.Rb6 Rf8
37.Rbb7 Rxb7 38.Rxb7 h4 39.Rb1 a5 40.a4 Rf6 41.Qb3 Kf8 42.Qxd5 cxd5 43.Rf1 Ke7  1/2-1/2

[Event "Heraklio op"]
[Site "Heraklio"]
[Date "1993.??.??"]
[Round "6"]
[White "Nikcevic, Nebojsa"]
[Black "Tzermiadianos, Andreas"]
[Result "1-0"]
[WhiteElo "2405"]
[BlackElo "2315"]

1.Nf3 d5 2.c4 e6 3.g3 Nf6 4.Bg2 dxc4 5.Na3 a6 6.Nxc4 Be7 7.O-O O-O 8.d4 b6
9.Nfe5 Ra7 10.Qb3 Nfd7 11.Rd1 Nxe5 12.dxe5 Qe8 13.Nd6 cxd6 14.Qxb6 Qd7 15.Qxb8 d5
16.Qb3 Rb7 17.Qd3 Bc5 18.b3 a5 19.e4 d4 20.Bf1 Qc7 21.Bb2 Rd8 22.Rac1 Qxe5
23.Bxd4 Bxd4 24.Qxd4 Qxd4 25.Rxd4 Rbd7 26.Rxd7 Bxd7 27.Rd1 Kf8 28.Bb5 Ke7
29.Rxd7+ Rxd7 30.Bxd7 Kxd7 31.Kf1 Kc6 32.Ke2 Kc5 33.Kd3 Kb4 34.Kc2 Ka3 35.Kb1 g5
36.g4 h6 37.h3 e5 38.Ka1 a4 39.bxa4 Kxa4 40.Kb2 Kb4 41.Kc2 f6 42.Kd3  1-0

[Event "Heraklio op"]
[Site "Heraklio"]
[Date "1993.??.??"]
[Round "7"]
[White "Fancsy, Imre"]
[Black "Khenkin, Igor"]
[Result "1/2-1/2"]
[WhiteElo "2400"]
[BlackElo "2570"]

1.Nf3 d5 2.c4 c6 3.g3 Bg4 4.Bg2 e6 5.cxd5 exd5 6.O-O Nd7 7.d3 Bd6 8.Nc3 Ne7
9.Qc2 O-O 10.e4 Re8 11.Bg5 Rc8 12.exd5 cxd5 13.Qa4 Bf5 14.Bxe7 Bxe7 15.Nxd5 Bxd3
16.Rfe1 Bc5 17.Rxe8+ Qxe8 18.Re1 Qd8 19.Bh3 f5 20.Qd1 Be4 21.Rxe4 fxe4 22.Bxd7 exf3
23.Bxc8 Qxc8 24.Qxf3 Qe6 25.b3 Qf7 26.Nf4 g6 27.Kg2 a6 28.h4 Bd6 29.Nd3 Qxf3+
30.Kxf3 Kf7 31.Ke4 Ke6 32.Nf4+ Kf6 33.Nd3 Ke6 34.Kd4 Kf5 35.Kd5 Bb8 36.Nc5 Kg4
37.Nxb7 Kf3 38.Nc5 Kxf2 39.Nxa6 Bxg3 40.b4 Bxh4 41.b5 Bd8 42.Kc6 Ba5 43.b6 Bxb6
44.Kxb6 h5 45.Nc5 h4 46.Ne4+ Kg2  1/2-1/2

[Event "HUN-chT"]
[Site "HUN"]
[Date "1993.??.??"]
[Round "?"]
[White "Deak, Sandor"]
[Black "Kallai, Gabor"]
[Result "1/2-1/2"]
[WhiteElo "2415"]
[BlackElo "2455"]

1.Nf3 d5 2.c4 d4 3.e3 c5 4.exd4 cxd4 5.d3 Nc6 6.g3 g6 7.Bg2 Bg7 8.O-O Nf6
9.Re1 O-O 10.a3 a5 11.Nbd2 Nd7 12.Rb1 a4 13.b4 axb3 14.Nxb3 Qc7 15.Ng5 h6
16.Ne4 Nde5 17.Qc2 Bf5 18.f4 Ng4 19.Qb2 Ne3 20.Bh1 e5 21.Nbc5 exf4 22.Qxb7 Qxb7
23.Rxb7 fxg3 24.Nxg3 Rfc8 25.Rb6 Rab8 26.Rxc6 Rxc6 27.Bxc6 Rc8 28.Nxf5 gxf5
29.Bxe3 dxe3 30.Nb3 Rxc6 31.Rxe3 Ra6 32.Re8+ Kh7 33.c5 Rxa3 34.c6 Rxb3 35.c7 Bd4+
36.Kg2 Rb2+ 37.Kf3 Rf2+ 38.Kg3 Be5+ 39.Kxf2 Bxc7 40.Re7 Bxh2 41.Rxf7+ Kg6
42.Rf8 h5 43.d4 h4 44.Kf3 Bd6 45.Rg8+ Kf6 46.Rh8 Bg3 47.Rh6+ Kg7 48.Re6 Kf7
49.d5 Bh2 50.Rh6 Bg3 51.Ke3 Kg7 52.Re6 h3 53.Kf3  1/2-1/2

[Event "HUN-chT"]
[Site "HUN"]
[Date "1993.??.??"]
[Round "?"]
[White "Erdelyi, Tamas"]
[Black "Lengyel, Bela"]
[Result "1-0"]
[WhiteElo "2400"]
[BlackElo "2350"]

1.Nf3 d5 2.c4 e6 3.g3 Nf6 4.Bg2 dxc4 5.Qa4+ Bd7 6.Qxc4 Bc6 7.O-O Nbd7 8.b3 Bd5
9.Qc2 c5 10.Bb2 Be7 11.d3 O-O 12.Nbd2 Rc8 13.e4 Bc6 14.Rac1 b5 15.Qb1 Qb6
16.d4 Qb7 17.Rfe1 Rfd8 18.Ng5 Nf8 19.Ngf3 N8d7 20.Ng5 h6 21.Nxe6 fxe6 22.d5 Nxd5
23.exd5 Bxd5 24.Rxe6 Nf8 25.Bxd5 Rxd5 26.Re2 Bg5 27.f4 Bd8 28.Qe4 Bb6 29.Kg2 Re8
30.Be5 Nd7 31.Nf3 Qc6 32.Rd1 Nf6 33.Qc2 Rxd1 34.Qxd1 Nd5 35.Qd3 c4 36.bxc4 bxc4
37.Qe4 c3 38.Kh3 Qd7+ 39.g4 Qf7 40.Kg3 Rc8 41.Nh4 Bc5 42.Nf5 Bf8 43.Rc2 Qe6
44.Nd4 Qd7 45.Nf5 Rc5 46.Qd4 g6 47.Nxh6+ Kh7 48.g5 Qb5 49.Ng4 Qc4 50.Qxc4 Rxc4
51.Nf6+ Nxf6 52.gxf6 g5 53.fxg5 Kg6 54.h4 Kh5 55.Rxc3  1-0

[Event "HUN-chT2"]
[Site "HUN"]
[Date "1993.??.??"]
[Round "?"]
[White "Forgacs, Jozsef"]
[Black "Fodre, Sandor"]
[Result "1-0"]
[WhiteElo "2330"]
[BlackElo "2285"]

1.Nf3 d5 2.c4 c6 3.g3 Nf6 4.Bg2 Bf5 5.cxd5 cxd5 6.Qb3 Qc8 7.Nc3 e6 8.d3 Nc6
9.Bf4 Qd7 10.O-O Rc8 11.e4 dxe4 12.dxe4 Bxe4 13.Ne5 Nxe5 14.Nxe4 Nxe4 15.Bxe4 Bd6
16.Rfd1 f6 17.Bxe5 fxe5 18.Rd3 Rd8 19.Rad1 Qe7 20.Qb5+ Kf8 21.Bxb7 g6 22.Qc6 Bc7
23.Rd7 Bb6 24.Qf3+ Ke8 25.Rxd8+ Qxd8 26.Rxd8+ Bxd8 27.Bc6+ Ke7 28.Qa3+ Kf6
29.Qxa7  1-0

[Event "HUN-chT"]
[Site "HUN"]
[Date "1993.??.??"]
[Round "?"]
[White "Hardicsay, Peter"]
[Black "Tompa, Janos"]
[Result "1/2-1/2"]
[WhiteElo "2360"]
[BlackElo "2435"]

1.Nf3 d5 2.c4 e6 3.g3 Nf6 4.Bg2 Be7 5.b3 O-O 6.Bb2 b6 7.O-O Bb7 8.cxd5 exd5
9.d4 Na6 10.Ne5 c5 11.Nd2 Rc8  1/2-1/2

[Event "HUN-chT"]
[Site "HUN"]
[Date "1993.??.??"]
[Round "?"]
[White "Hever, Miklos"]
[Black "Kral, Peter"]
[Result "1-0"]
[WhiteElo "2310"]
[BlackElo "2245"]

1.Nf3 d5 2.c4 e6 3.d4 Nf6 4.Bg5 Be7 5.e3 O-O 6.Nc3 b6 7.cxd5 Nxd5 8.Bxe7 Qxe7
9.Nxd5 exd5 10.Rc1 Be6 11.Bd3 Rc8 12.Qc2 h6 13.O-O c5 14.dxc5 bxc5 15.Nd4 Qb7
16.Nxe6 fxe6 17.Qe2 c4 18.Bb1 Nd7 19.e4 Nf8 20.Rfd1 Rab8 21.Rd2 Rc5 22.h3 Rb5
23.exd5 exd5 24.Qe5 Qc6 25.b3 Qe6 26.Qxe6+ Nxe6 27.Bf5 Nf8 28.bxc4 dxc4 29.Be4 Rb2
30.Rxb2 Rxb2 31.Bd5+ Kh7 32.Bxc4 Rb7 33.Bd3+ Kg8 34.Bc4+ Kh7 35.Re1 g6 36.Re5 Rc7
37.Bd3 Kg7 38.Ra5 Kf6 39.Ra6+ Kf7 40.h4 h5 41.f3 Kg7 42.Kf2 Re7 43.Kg3 Ne6
44.Be4 Nf8 45.Kf4 Ne6+ 46.Ke3 Kh7 47.a4 Nc5 48.Rc6 Ne6 49.a5 Kg7 50.a6 Kh7
51.g3 Kg7 52.Kd3 Nf8 53.Kc4 Kf7 54.Bd5+ Kg7 55.Kc5 Nd7+ 56.Kd6 Kf6 57.Rc7 Nb6
58.Rxe7 Nc8+ 59.Kc7 Nxe7 60.Be4 Ke6 61.Kb7 Kd7 62.g4 Kd6 63.Bc2 Kd7 64.Ba4+ Kd8
65.Bb3 Kd7 66.Bf7 Kd8 67.Be6  1-0

[Event "HUN-chT"]
[Site "HUN"]
[Date "1993.??.??"]
[Round "?"]
[White "Hever, Miklos"]
[Black "Meszaros, Gyorgy"]
[Result "1-0"]
[WhiteElo "2305"]
[BlackElo "2260"]

1.Nf3 d5 2.c4 e6 3.g3 Nf6 4.Bg2 c6 5.Qc2 Nbd7 6.b3 a5 7.Nc3 Bd6 8.O-O Qe7
9.d3 O-O 10.e4 dxe4 11.dxe4 e5 12.Bb2 Nc5 13.Rad1 Bg4 14.h3 Bxf3 15.Bxf3 Rfd8
16.Bg2 Ne6 17.Ne2 Bc7 18.Qc1 Rxd1 19.Rxd1 Rd8 20.Rd2 a4 21.Ba3 Rxd2 22.Bxe7 Rxe2
23.bxa4 Ba5 24.Bf1 Nd4 25.Qa3 Rd2 26.Bb4 Bxb4 27.Qxb4 Nf3+ 28.Kg2 Ne1+ 29.Kh1 Nxe4
30.Bg2 Nxf2+ 31.Kg1 Rd1 32.Qxb7 Ned3+ 33.Kh2 g6 34.Qxc6 Rd2 35.Qd6 Ne4 36.Qd5 Nc3
37.Qa5 Rc2 38.Qd8+ Kg7 39.Qxd3 Rc1 40.Qd2  1-0

[Event "HUN-chT"]
[Site "HUN"]
[Date "1993.??.??"]
[Round "?"]
[White "Szirmai, Eduard"]
[Black "Emodi, Barnabas"]
[Result "1/2-1/2"]
[WhiteElo "2245"]
[BlackElo "2230"]

1.Nf3 d5 2.c4 dxc4 3.Qa4+ Bd7 4.Qxc4 Bc6 5.Nc3 e6 6.d4 Nf6 7.Bg5 Be7 8.e3 O-O
9.Be2 Nbd7 10.O-O Nb6 11.Qd3 Nbd5 12.Ne5 Nxc3 13.bxc3 Be4 14.Qd2 c5 15.f3 Bg6
16.Rfd1 Qc7 17.Bf4 Bd6 18.Nxg6 hxg6 19.Bxd6 Qxd6 20.Rab1 Qc7 21.Rb5 cxd4
22.cxd4 b6 23.Rb3 Rfd8 24.Rc1 Qd6 25.Qb2 Rac8 26.Rd1 Qc7 27.Ba6 Qc2 28.Qa1 Rc7
29.Bd3 Qc6 30.a4 Nd5 31.Be4 Qc4 32.Bxd5 Rxd5 33.Rbb1  1/2-1/2

[Event "HUN-chT"]
[Site "HUN"]
[Date "1993.??.??"]
[Round "?"]
[White "Kiss, Laurentiu"]
[Black "Siklosi, Zoltan"]
[Result "1/2-1/2"]
[WhiteElo "2290"]
[BlackElo "2390"]

1.Nf3 d5 2.c4 c6 3.cxd5 cxd5 4.d4 Nf6 5.Nc3 Nc6 6.Bf4 a6 7.e3 Bg4 8.Rc1 e6
9.Be2 Be7 10.O-O O-O 11.a3 Rc8 12.h3  1/2-1/2

[Event "HUN-chT"]
[Site "HUN"]
[Date "1993.??.??"]
[Round "?"]
[White "Farago, Sandor"]
[Black "Berenyi, Gabor"]
[Result "1-0"]
[WhiteElo "2355"]
[BlackElo "2240"]

1.Nf3 d5 2.c4 d4 3.g3 c5 4.Bg2 Nc6 5.O-O e5 6.d3 Nf6 7.a3 a5 8.e4 Bg4 9.h3 Bh5
10.Nbd2 Be7 11.g4 Bg6 12.Nh4 O-O 13.Ndf3 Re8 14.Re1 Qc7 15.Nf5 Bf8 16.N3h4 Nd8
17.Bf3 Ne6 18.Ng2 Bxf5 19.exf5 Nf4 20.Nxf4 exf4 21.Rxe8 Rxe8 22.Bd2 b6 23.Qa4 h6
24.Rb1 Bd6 25.Kf1 Re7 26.b4 axb4 27.axb4 Nd7 28.Qa8+ Kh7 29.b5 Ne5 30.Be4 f6
31.Bxf4 Nxc4 32.Bd5 Qb8 33.Qxb8 Bxb8 34.Bxc4 Bxf4 35.Ra1 g6 36.Kg2 g5 37.Ra8 Be5
38.Kf3 Bf4 39.Be6 Bh2 40.Ke4 Rb7 41.Kd5 Re7 42.Kc6  1-0

[Event "Jakarta Interzonal (Women)"]
[Site "Jakarta"]
[Date "1993.??.??"]
[Round "?"]
[White "Lelchuk, Zoja"]
[Black "Csoke, Adrienn"]
[Result "1-0"]
[WhiteElo "2340"]
[BlackElo "2235"]

1.Nf3 d5 2.c4 e6 3.d4 Nf6 4.e3 Nbd7 5.Nc3 c6 6.Qc2 Be7 7.Bd3 dxc4 8.Bxc4 b6
9.O-O Bb7 10.e4 c5 11.d5 exd5 12.exd5 O-O 13.Re1 Bd6 14.Bg5 Qb8 15.Qf5 a6
16.Ne4 Nxe4 17.Rxe4 Bc8 18.Rh4 g6 19.Qc2 b5 20.Bf1 Bb7 21.Qd2 Re8 22.Bh6 Qc7
23.Rd1 f6 24.g3 Ne5 25.Nxe5 Rxe5 26.Bh3 f5 27.Bg2 Rae8 28.Bf3 Qe7 29.Kg2 Re1
30.a4 Rxd1 31.Qxd1 g5 32.Rh5 g4 33.Rg5+ Kh8 34.Bxg4 fxg4 35.Bg7+ Qxg7 36.Rxg7 Kxg7
37.Qxg4+ Kh8 38.Qf5 Rf8 39.Qe6 Bb8 40.f3 Bc8 41.Qe7 Rg8 42.axb5 axb5 43.d6 b4
44.Qe5+ Rg7 45.Qxc5 Bb7 46.d7  1-0

[Event "Jyvaskyla op"]
[Site "Jyvaskyla"]
[Date "1993.??.??"]
[Round "6"]
[White "Hakulinen, Esko Matti"]
[Black "Soppela, Jouni"]
[Result "1-0"]
[WhiteElo "2340"]
[BlackElo "2245"]

1.Nf3 d5 2.c4 c6 3.e3 Bg4 4.cxd5 Qxd5 5.Nc3 Qh5 6.Qb3 b5 7.Be2 Nf6 8.h3 e6
9.Rg1 Bxf3 10.Bxf3 Qg6 11.Nxb5 Kd7 12.Nc3 Kc7 13.Qc4 Nd5 14.Bxd5 exd5 15.Nxd5+ Kd8
16.Nf4 Qf5 17.b3 g5 18.Qd3+ Qd7 19.Bb2 Rg8 20.Qxh7 gxf4 21.Qxg8 Qe8 22.Qg5+ Kc7
23.Qxf4+ Bd6 24.Qc4 Nd7 25.Rc1 Nb6 26.Qd3 Rd8 27.Qf5 Nd5 28.Qxd5 Bh2 29.Qxc6+ Qxc6
30.Rxc6+ Kxc6 31.Rh1 Bb8  1-0

[Event "Katerini GP"]
[Site "Katerini"]
[Date "1993.??.??"]
[Round "3"]
[White "Skembris, Spyridon"]
[Black "Prentos, Konstantinos"]
[Result "1-0"]
[WhiteElo "2545"]
[BlackElo "2285"]

1.Nf3 d5 2.c4 e6 3.d4 c6 4.Qc2 dxc4 5.Qxc4 Nf6 6.g3 b5 7.Qc2 Bb7 8.Bg2 Nbd7
9.a4 a6 10.O-O c5 11.Bg5 Qb6 12.axb5 axb5 13.Rxa8+ Bxa8 14.Nbd2 Be7 15.Bxf6 Bxf6
16.dxc5 Nxc5 17.Rc1 Na4 18.Qc8+ Qd8 19.b3 Bxf3 20.Nxf3 Nb6 21.Qc5 Nd7 22.Qxb5 O-O
23.Rd1 Qb8 24.Qxb8 Nxb8 25.b4 Nc6 26.b5 Ne5 27.Nxe5 Bxe5 28.b6 g5 29.e3 Rb8
30.b7 Kg7 31.Rd7 g4 32.Kf1 Kf8 33.Ke2 h5 34.Bc6 h4 35.Kd3 hxg3 36.hxg3 Kg7
37.Kc4 Rh8 38.Kc5 Kf6 39.Kb6 Bb8 40.Rd4 Kf5 41.Bb5 Kg5 42.Rc4 Rh2 43.Rc8 Be5
44.Rc5  1-0

[Event "Katerini GP"]
[Site "Katerini"]
[Date "1993.??.??"]
[Round "5"]
[White "Wojtkiewicz, Aleksander"]
[Black "Koen, Maja"]
[Result "1-0"]
[WhiteElo "2570"]
[BlackElo "2215"]

1.Nf3 d5 2.c4 e6 3.g3 g6 4.Bg2 Bg7 5.d4 Ne7 6.O-O O-O 7.Nbd2 Nbc6 8.e3 b6
9.b3 Bb7 10.Bb2 Na5 11.Qc2 Rc8 12.Rfd1 dxc4 13.bxc4 Nf5 14.Nb3 Nc6 15.d5 exd5
16.cxd5 Nb4 17.Qb1 Bxb2 18.Qxb2 Nd6 19.Ne5 Qf6 20.a3 Nc2 21.Ra2 Rfe8 22.Ng4 Qxb2
23.Rxb2 Kg7 24.Rxc2 h5 25.h3 hxg4 26.hxg4 Ba6 27.Rdc1 Bd3 28.Rc3 Be2 29.g5 Nb5
30.R3c2 Bd3 31.Rd2 Bf5 32.Nd4 Nxa3 33.Ra2  1-0

[Event "Katerini GP"]
[Site "Katerini"]
[Date "1993.??.??"]
[Round "9"]
[White "Wojtkiewicz, Aleksander"]
[Black "Nikolaidis, Ioannis"]
[Result "1-0"]
[WhiteElo "2570"]
[BlackElo "2440"]

1.Nf3 d5 2.c4 dxc4 3.e3 Nf6 4.Bxc4 e6 5.d4 c5 6.O-O a6 7.a3 b5 8.Ba2 Bb7
9.Qe2 Nbd7 10.Nc3 Bd6 11.e4 cxd4 12.Nxd4 Be5 13.Rd1 Qb8 14.g3 O-O 15.Be3 Nxe4
16.Nxe4 Bxe4 17.Nxe6 fxe6 18.Bxe6+ Kh8 19.Rxd7 Bf3 20.Qc2 Qe8 21.Qb3 Bf6
22.Bh3 Bc6 23.Rd2 Bxb2 24.Rxb2 Qe4 25.f3 Rxf3 26.Bg2 Rd8 27.Re1 Rd3 28.Qxd3 Qxd3
29.Bxf3  1-0

[Event "Katowice op"]
[Site "Katowice"]
[Date "1993.??.??"]
[Round "2"]
[White "Nesterov, Jakov"]
[Black "Masternak, Grzegorz"]
[Result "0-1"]
[WhiteElo "2445"]
[BlackElo "2300"]

1.Nf3 d5 2.c4 e6 3.d4 Nf6 4.Nc3 Bb4 5.Qb3 c5 6.dxc5 Qa5 7.Bd2 dxc4 8.Qxc4 Qxc5
9.Qxc5 Bxc5 10.Ne5 Bd7 11.g3 Nc6 12.Nxd7 Nxd7 13.Bg2 Rc8 14.Rc1 Ke7 15.O-O Rhd8
16.Rfd1 a6 17.Ne4 Ba7 18.Bf4 Nde5 19.Rxd8 Rxd8 20.Nc5 Bxc5 21.Rxc5 Rd1+ 22.Bf1 Kd6
23.Rc3 Kd5 24.f3 f5 25.Kf2 Ng6 26.Be3 e5 27.f4 exf4 28.gxf4 Nge7 29.Bc5 Ke6
30.Rh3 Nd5 31.Rxh7 Nf6  0-1

[Event "Katowice op"]
[Site "Katowice"]
[Date "1993.??.??"]
[Round "3"]
[White "Kempinski, Robert"]
[Black "Stripunsky, Alexander"]
[Result "0-1"]
[WhiteElo "2340"]
[BlackElo "2470"]

1.Nf3 d5 2.c4 c6 3.g3 Bg4 4.Bg2 e6 5.cxd5 exd5 6.O-O Bd6 7.Nc3 Nf6 8.d3 O-O
9.e4 Nbd7 10.Bg5 h6 11.Bxf6 Qxf6 12.h3 Bxf3 13.Qxf3 Qxf3 14.Bxf3 d4 15.Nb1 Nc5
16.Be2 f5 17.Nd2 Rae8 18.Rfe1 fxe4 19.Nxe4 Nxe4 20.dxe4 Bb4 21.Bc4+ Kh8 22.Re2 g5
23.Rd1 b5 24.Bd3 a6 25.Rc1 Rf3 26.Rd1 c5 27.Kg2 Rff8 28.Bb1 Ba5 29.e5 Bb6
30.Re4 c4 31.f4 d3 32.Rf1 gxf4 33.gxf4 Re7 34.f5 Rg7+ 35.Kh1 Rfg8 36.Rg4 Rxg4
37.hxg4 Rxg4 38.f6 Kg8 39.e6 Re4 40.f7+ Kf8 41.Rf6 Bd4 42.Rg6 Re1+ 43.Kh2 Bg7  0-1

[Event "Katowice op"]
[Site "Katowice"]
[Date "1993.??.??"]
[Round "4"]
[White "Fominyh, Alexander"]
[Black "Meister, Yakov"]
[Result "0-1"]
[WhiteElo "2505"]
[BlackElo "2460"]

1.Nf3 d5 2.c4 d4 3.b4 a5 4.b5 c5 5.g3 g6 6.Bg2 Bg7 7.d3 Nh6 8.Nbd2 b6 9.Ne5 Ra7
10.Nc6 Nxc6 11.bxc6 O-O 12.Nb1 e5 13.Bxh6 Bxh6 14.Na3 f5 15.Rb1 e4 16.dxe4 fxe4
17.Bxe4 Bh3 18.Qd3 Qf6 19.f3 Re7 20.Rxb6 Rfe8 21.Kd1 Rxe4 22.fxe4 Bg2 23.Re1 Qg5
24.e3 Qg4+ 25.Kc1 Bxe4 26.Qb3 dxe3 27.Nc2 e2+ 28.Kb2 Bd2 29.Rb8 Bxc6 30.Rxe8+ Bxe8
31.Rb1 Qe4 32.Qb8 e1=Q 33.Nxe1 Bxe1 34.Rc1 Bf2  0-1

[Event "Kecskemet2"]
[Site "Kecskemet"]
[Date "1993.??.??"]
[Round "1"]
[White "Vadasz, Laszlo"]
[Black "Gyimesi, Zoltan"]
[Result "1/2-1/2"]
[WhiteElo "2400"]
[BlackElo "2390"]

1.Nf3 d5 2.c4 e6 3.g3 Nf6 4.Bg2 Nbd7 5.O-O dxc4 6.Qa4 a6 7.Qxc4 b5 8.Qb3 Bb7
9.Nc3 c5 10.d3 Rc8 11.Bg5 Be7 12.Rac1 O-O 13.Nd2 Bxg2 14.Kxg2 h6 15.Bxf6 Nxf6
16.Rfd1 Qd7 17.a4 Rb8 18.axb5 axb5 19.Kg1 Rfc8 20.Nf3 Qb7 21.Ra1 Qb6 22.Qa2 c4
23.Qa7 Rc7 24.Qxb6  1/2-1/2

[Event "Kecskemet"]
[Site "Kecskemet"]
[Date "1993.??.??"]
[Round "7"]
[White "Vadasz, Laszlo"]
[Black "Stajcic, Nikola"]
[Result "1/2-1/2"]
[WhiteElo "2360"]
[BlackElo "2270"]

1.Nf3 d5 2.c4 dxc4 3.g3 c5 4.Na3 a6 5.Nxc4 b5 6.Ne3 Bb7 7.Bg2 e6 8.O-O Nf6
9.b3 Be7 10.Bb2 Nbd7  1/2-1/2

[Event "Las Palmas Pirez"]
[Site "Las Palmas"]
[Date "1993.??.??"]
[Round "4"]
[White "Menvielle Lacourrelle, Augusto"]
[Black "Castellano, Jose"]
[Result "1-0"]
[WhiteElo "2305"]
[BlackElo "2255"]

1.Nf3 d5 2.c4 e6 3.b3 Nf6 4.Bb2 Be7 5.e3 O-O 6.Be2 b6 7.O-O Nbd7 8.cxd5 exd5
9.d4 Bb7 10.Nc3 Ne4 11.Qc2 f5 12.Rac1 c6 13.Bd3 Bd6 14.Qe2 a5 15.Kh1 Rf6
16.g3 Rh6 17.Kg2 Ndf6 18.Nh4 Rxh4 19.gxh4 Ng4 20.h3 Qxh4 21.Nxe4 dxe4 22.Bxe4 Nh2
23.Qc4+ Kh8 24.Bxc6 Ba6 25.Qe6 Bxf1+ 26.Rxf1 Rd8 27.Rc1 Qh5 28.Bd5 h6 29.Rc8 Qg5+
30.Kh1 Nf1 31.Rxd8+ Qxd8 32.Qxf5 Nd2 33.Bg2 Bb8 34.Qd3 Qd6 35.f4  1-0

[Event "Las Palmas-C"]
[Site "Las Palmas"]
[Date "1993.??.??"]
[Round "5"]
[White "Giffard, Nicolas"]
[Black "Perez, Pedro Tomas"]
[Result "1-0"]
[WhiteElo "2380"]
[BlackElo "2170"]

1.Nf3 d5 2.c4 c6 3.d4 e6 4.e3 Bd6 5.Bd3 f5 6.O-O Nf6 7.b3 Qe7 8.Bb2 a5 9.Nc3 O-O
10.Qc2 Ne4 11.Ne5 Nd7 12.f4 Nxc3 13.Bxc3 Nf6 14.c5 Bxe5 15.fxe5 Ne4 16.Bxe4 fxe4
17.Rxf8+ Qxf8 18.Rf1 Qe7 19.a4 Bd7 20.Qd2 Qd8 21.Qf2 Qe7 22.h3 Be8 23.Qe1 Qd8
24.Kh2 Bg6 25.Rf4 Bf5 26.Rf2 Bg6 27.Rb2 h6 28.Rb1 Bf5 29.Ra1 Ra7 30.Qc1 Qa8
31.Be1 Qd8 32.Qc3 Qg5 33.Bg3 Qd8 34.Qe1 Bg6 35.Bh4 Qc7 36.Qc3 Kh7 37.Rf1 Kg8
38.Be1 Qd8 39.b4 axb4 40.Qxb4 Qa8 41.a5 Qd8 42.Qb6 Qxb6 43.cxb6 Ra8 44.Bb4 Bf7
45.Kg1 Ra6 46.Rf2 Ra8 47.Rf4 Bh5 48.Kf2 Bf7 49.Ke1 Ra6 50.Kd2 Ra8 51.Kc3 Ra6
52.Kb3 Ra8 53.Ka4 Ra6 54.Bd6 Ra8 55.Kb4 Bh5 56.g4 Bf7 57.Rf1 Ra6 58.Be7 g6
59.Kc5 Rxa5+ 60.Kd6 Ra3 61.Kc7 Rxe3 62.Kxb7 Rd3 63.Kc7  1-0

[Event "Las Palmas-C"]
[Site "Las Palmas"]
[Date "1993.??.??"]
[Round "7"]
[White "Giffard, Nicolas"]
[Black "Sarmiento, Braulio Alfonso"]
[Result "1/2-1/2"]
[WhiteElo "2380"]
[BlackElo "2210"]

1.Nf3 d5 2.c4 c6 3.d4 Nf6 4.Qb3 dxc4 5.Qxc4 b5 6.Qc2 e6 7.Bg5 Bb7 8.e3 Nbd7
9.Be2 a6 10.a4 Bb4+ 11.Nc3 Be7 12.O-O b4 13.Ne4 c5 14.Bxf6 gxf6 15.Nxc5 Nxc5
16.dxc5 Rc8 17.Rfd1 Qa5 18.c6 Rxc6 19.Qe4 Qc7 20.Qh4 Rc2 21.Nd4 Rc5 22.Bf3 O-O
23.Bxb7 Qxb7 24.Rac1 Rfc8 25.Rxc5 Rxc5 26.Qg4+ Rg5 27.Qh3 Rc5 28.Qf3 Qxf3
29.gxf3 Kf8 30.Nb3 Rc2 31.Rd2 Rxd2 32.Nxd2 f5 33.b3 Bf6 34.Kf1 Ke7 35.Ke2 Kd6
36.f4 Kd5 37.f3 Bd8 38.Kd3 Bc7 39.Nf1 Bd6 40.Ng3 Be7 41.e4+ fxe4+ 42.fxe4+ Kc5
43.e5 Kd5 44.Nf1 Bc5 45.Nd2 Be7 46.Nf1 Bc5 47.Ne3+ Bxe3 48.Kxe3 a5 49.Kd3 Kc5
50.Ke4 Kb6 51.h4 h5  1/2-1/2

[Event "Leeuwarden op"]
[Site "Leeuwarden"]
[Date "1993.??.??"]
[Round "6"]
[White "Boersma, Paulus A"]
[Black "Timmer, Robert"]
[Result "1/2-1/2"]
[WhiteElo "2365"]
[BlackElo "2290"]

1.Nf3 d5 2.c4 e6 3.d4 c5 4.cxd5 exd5 5.Nc3 Nc6 6.Bg5 Be7 7.Bxe7 Ngxe7 8.e3 O-O
9.dxc5 Qa5 10.Bb5 a6 11.Bxc6 bxc6 12.Rc1 Qxc5 13.Qd4 Qxd4 14.exd4 Rb8 15.b3 Bg4
16.Ne5 Bf5 17.Kd2 f6 18.Nd3 Bxd3 19.Kxd3 Rb4 20.Ne2 a5 21.Rc3 Rfb8 22.Kc2 Kf7
23.a3 R4b5 24.Rb1 Ke6 25.Rh3 h6 26.Nc3 R5b7 27.Na4 Kf7 28.Nc3 Ra7 29.g4 Nc8
30.Re1 Nd6 31.a4 Nb7  1/2-1/2

[Event "Lenk op"]
[Site "Lenk"]
[Date "1993.??.??"]
[Round "1"]
[White "Barbero, Gerardo F"]
[Black "Sarkany, Petra"]
[Result "1-0"]
[WhiteElo "2510"]
[BlackElo "2045"]

1.Nf3 d5 2.c4 e6 3.d4 dxc4 4.e3 Nf6 5.Bxc4 a6 6.Qe2 Nbd7 7.a4 Be7 8.e4 Nb6
9.Bb3 c5 10.a5 Nbd7 11.e5 Nd5 12.Nc3 Nxc3 13.bxc3 cxd4 14.cxd4 b6 15.Qe4 Rb8
16.Qg4 g6 17.Bh6 bxa5 18.Ba4 Bb7 19.O-O Bd5 20.Ng5 Rb4 21.Rfc1 Bb3 22.Nxf7 Kxf7
23.Qf3+ Ke8 24.Bxb3 Qb6 25.Rc8+ Bd8 26.Bg5 Rf8 27.Bxd8 Qxd8 28.Rxd8+ Kxd8
29.Qc3  1-0